000 00305nam a22001337a 4500
008 170816b xxu||||| |||| 00| 0 eng d
020 _a9780078602009
041 _aeng
080 _a51
100 _a36
101 _aMAT
245 _aGEOMETRY PREREQUISITE SKILLS WORKBOOK
_cHILL.M
942 _2udc
_cBK
999 _c23730
_d23730